000 01244nam a2200301 4500
001 0000018480
003 CO-CtgCURN
005 20250331184734.0
007 ta
008 160627s1998 000 0 eng d
020 _a9684443048
040 _aCO-CtgCURN
_bspa
_ccoctgcurn
082 0 _a530
_bR61
100 1 _aRobinson, Paul.
245 1 0 _aFisica conceptual :
_bmanual de laboratorio /
_cPaul Robinson , ilustrada por Paul G. Hewitt , version en español de Angel Carlos González.
260 _aMexico :
_bPearson,
_c1998.
300 _axiv, 332 p.
336 _2rdacontent
337 _2rdamedia
_asin mediacion
_bn
338 _2rdacarrier
_avolumen
_bnc
500 _aTitulo original: Conceptual physics. Laboratory manual \ Incluye apendice: cifras significativas e incertidumbre en las mediciones.
505 8 _aMetodo de investigación.--Como maximizar la rapidez promedio.--Análisis grafico del movimiento.--Fuerza y aceleracion.--Acción y reacción.--Energia mecanica.--Fricción y energia.--Aceleracion centripeta.--Torca
650 1 4 _aFisica
_vEnseñanza.
700 1 _aHewitt, Paul G.
908 _a160627
942 _cBK
_h530
_iR61
_2ddc
999 _c20948
_d20948